ՀՀ Գիտությունների ազգային ակադեմիայի հիմնարար գիտական գրադարան  =   Fundamental Scientific Library of NAS RA

Дорогой друга : (Record no. 234689)

MARC details
000 -LEADER
fixed length control field 00706nam a2200193 u 4500
001 - CONTROL NUMBER
control field 000651969
003 - CONTROL NUMBER IDENTIFIER
control field AM-YeHGA
005 - DATE AND TIME OF LATEST TRANSACTION
control field 20250617141233.0
008 - FIXED-LENGTH DATA ELEMENTS--GENERAL INFORMATION
fixed length control field 090418s1963 ||| r 000 0 rus d
040 ## - CATALOGING SOURCE
Original cataloging agency AM-YeHGA
041 0# - LANGUAGE CODE
Language code of text/sound track or separate title rus
090 ## - LOCALLY ASSIGNED LC-TYPE CALL NUMBER (OCLC); LOCAL CALL NUMBER (RLIN)
-- 236251
100 1# - MAIN ENTRY--PERSONAL NAME
Personal name Ершов, Григорий Александрович.
245 10 - TITLE STATEMENT
Title Дорогой друга :
Remainder of title Очерк жизни и творчества Юрия Ивановича Шамшурина /
Statement of responsibility, etc. Г. Ершов.
260 ## - PUBLICATION, DISTRIBUTION, ETC.
Place of publication, distribution, etc. Якутск :
Name of publisher, distributor, etc. Якутское кн. изд-во,
Date of publication, distribution, etc. 1963.
300 ## - PHYSICAL DESCRIPTION
Extent 164 с. :
Other physical details портр.
600 14 - SUBJECT ADDED ENTRY--PERSONAL NAME
Personal name Шамшурин, Юрий Иванович
653 0# - INDEX TERM--UNCONTROLLED
Uncontrolled term Русская литература
Holdings
Withdrawn status Lost status Source of classification or shelving scheme Damaged status Not for loan Collection Home library Current library Date acquired Total checkouts Full call number Barcode Date last seen Price effective from Koha item type Public note
    Universal Decimal Classification     General Fundamental Scientific Library Fundamental Scientific Library 29/12/2016   PI/8842 FL0107854 29/12/2016 29/12/2016 Գրքեր / Books 30 Days Loan


ՀՀ ԳԱԱ հիմնարար գիտական գրադարան
ՀՀ,Երևան 0019
Մարշալ Բաղրամյան 24/6
հեռախոս:(374-10) 52-47-50
Հետադարձ կապ

All site content, except where otherwise noted, is licensed under a
Creative Commons License